Zakliata Krubera ani vijna, ani pád vrtuľníka neodradili Petra Medzihradského od pokorenia najhlbšej jaskyne sveta

Bibliographic Details
Main Author: Gešvantner, Mário (Author)
Format: Article
Language:Slovak
PhysicalDescription:Obr.
ISSN:1210-2040
Subjects:
Online Access:www.plus7dni.sk

MARC

LEADER 00000nab a2200000 a 4500
001 vtls008959865
003 SK-MaSNL
005 20260304055145.0
008 070329 2007 xo r r 000 0 slo
015 |a SNBRB2007/03  |2 kevkjb 
038 |a KEVKJB 
040 |a KEVKJB  |b slo  |c KEVKJB  |e AACR2 
041 0 |a slo 
044 |a xo  |c SK 
080 |a 551.44  |2 2001 
100 1 |a Gešvantner, Mário  |4 aut  |9 301727 
245 1 0 |a Zakliata Krubera  |b ani vijna, ani pád vrtuľníka neodradili Petra Medzihradského od pokorenia najhlbšej jaskyne sveta  |c Mário Gešvantner 
300 |b Obr. 
600 1 7 |a Medzihradský, Peter  |2 kevkjb  |9 499179 
650 0 7 |a speleológia  |2 kevkjb  |9 17878 
650 0 7 |a jaskyne  |2 SNKPH  |9 20772 
651 7 |a Voronja - Krubera (Gruzínsko : jaskyňa)  |2 kevkjb  |9 1340888 
651 7 |a Gruzínsko  |2 kevkjb  |9 19844 
773 0 |t Plus 7 dní  |g Roč. XVII, č. 13 (2007), s. 56-62  |x 1210-2040 
852 |a KEVKJB  |b KIS3GCP 
856 4 1 |u www.plus7dni.sk 
999 |c 2722672  |d 2724602